Statistiques concernant Les homonymes dans la langue française - lettre M

Cliquez ici pour prendre le quiz!

Statistiques générales

  • Ce quiz a été pris 122 fois
  • Le résultat moyen est 27 sur 31

Statistiques - réponses

MotIndiceHomonyme% Correct
maireocéanmer
100%
maiajectif possessifmes
100%
maiconjonctionmais
99%
mairemamanmère
99%
maîtremesuremètre
99%
malcoffremalle
98%
mantauxvêtementmanteau
98%
mide painmie
98%
manteplantementhe
97%
merloiseaumerle
97%
mil1000mille
97%
murbon à cueillirmûr
97%
murfruitmûre
97%
mirciblemire
96%
moi30 ou 31 joursmois
96%
mauxvocablemot
96%
mareassezmarre
95%
maulféminin de moumolle
95%
moralensemble de règles de conduitemorale
95%
mutuelassociationmutuelle
95%
morstrépassémort
94%
mitelégendemythe
94%
monélévationmont
93%
matalgèbremath
91%
maiplat préparémets
89%
macropoissonmaquereau
88%
moude raisinmoût
81%
maripeinémarri
66%
maipétrin (1)maie
50%
mirparfummyrrhe
41%
maipétrin (2)mée
18%

Distribution des résultats

Percentile par nombre de réponses

% des personnes avec chaque résultat

Votre développement - résultats

Vous n’avez pas pris ce quiz